000 01056cab a22002055a 4500
001 L143875
008 080604e20080531xxk f 000 0 eng d
035 _a(Sirsi) u143875
041 0 _aeng
100 1 _aGill, Suzanne
245 0 0 _aTake the measure of the figures
260 _c2008
490 _aEstates Gazette
_v(0821) 31 May 2008, 133(1)
520 _aExamines how inflation is used to calculate rent and service charges in property agreements. Considers how inflation itself is calculated, based on a standard basket of goods. Notes that this may lead to an overstating of inflation, and that the contents of the basket need to change over time. Defines and describes the main differences between the Consumer Price Index (CPI) and the Retail Price Index (RPI). Notes that property agreements need to allow for the rebasing of inflation indices.
590 _aKA
651 4 _aUnited Kingdom
_y
690 _aPROPERTY-LANDLORD AND TENANT-SERVICE CHARGES
690 _aPROPERTY-LANDLORD AND TENANT-TENANCIES-TENANCY RENT REVIEW
942 _n0
999 _c80294
_d80294